000
00210 a2200097 4500
245
_a
Cyprinid Fishes
_h
Text
020
_a
QL638.C94C96
100
_a
Ian J Winfield
650
_a
Fisheries
005
20191021095913.0
084
_a
QL638.C94C96
999
_c
12823
_d
12823